[Event "JOR-ch"]
[Site "Amman"]
[Date "2009.04.11"]
[Round "4"]
[White "Hajaj, Akram"]
[Black "Nizar, Emad"]
[Result "0-1"]
[WhiteElo "1945"]
[BlackElo "2035"]
[PlyCount "103"]
[EventDate "2009.04.09"]
[EventType "swiss"]
[EventRounds "9"]
[EventCountry "JOR"]
[SourceTitle "CBM 130 Extra"]
[Source "ChessBase"]
[SourceDate "2009.07.02"]
[SourceVersion "2"]
[SourceVersionDate "2009.07.15"]
[SourceQuality "1"]

1. Nf3 Nf6 2. g3 g6 3. Bg2 Bg7 4. 0-0 0-0 5. d3 d6 6. e4 e5 7. Nbd2 Nbd7 8. c3 Nc5 9. Qe2 a5 10. d4 Ncd7 11. dxe5 Nxe5 12. Nxe5 dxe5 13. Nc4 Qe7 14. a4 b6 15. Rd1 Ba6 16. b3 Qe6 17. Ba3 Rfd8 18. Rxd8+ Rxd8 19. Rd1 Rd7 20. Rxd7 Nxd7 21. Qd2 Bxc4 22. bxc4 Bf8 23. Bc1 Bd6 24. h4 Nc5 25. h5 Nb3 26. Qh6 Nxc1 27. Qxc1 Qxc4 28. hxg6 hxg6 29. Qa1 Qb3 30. Bf3 Qc2 31. Qd1 Qxc3 32. Be2 Kg7 33. Kg2 Bc5 34. Qd5 Qd4 35. Qxd4 Bxd4 36. Bb5 Kf6 37. Bc6 Ke7 38. f4 f6 39. Kf3 exf4 40. gxf4 g5 41. fxg5 fxg5 42. Kg4 Kf6 43. Bd5 Be3 44. Bb7 Ke5 45. Ba8 Bf4 46. Bb7 c5 47. Bd5 Bd2 48. Kf3 Kd4 49. Ke2 Bf4 50. Kd1 g4 51. Be6 g3 52. Bh3 0-1

[Event "JOR-ch"]
[Site "Amman"]
[Date "2009.04.10"]
[Round "2"]
[White "Hajaj, Akram"]
[Black "Battikhi, Husein"]
[Result "0-1"]
[WhiteElo "1945"]
[BlackElo "2187"]
[PlyCount "106"]
[EventDate "2009.04.09"]
[EventType "swiss"]
[EventRounds "9"]
[EventCountry "JOR"]
[SourceTitle "CBM 130 Extra"]
[Source "ChessBase"]
[SourceDate "2009.07.02"]
[SourceVersion "2"]
[SourceVersionDate "2009.07.15"]
[SourceQuality "1"]

1. Nf3 c5 2. g3 Nc6 3. Bg2 d5 4. 0-0 e5 5. d3 Nf6 6. e4 d4 7. Nbd2 Bd6 8. Nc4 Bc7 9. a4 h6 10. Nh4 0-0 11. Nf5 Ne7 12. g4 Nh7 13. f4 Ng6 14. fxe5 Nxe5 15. Nxe5 Bxe5 16. Bf4 f6 17. Bxe5 fxe5 18. Qe1 Be6 19. Qg3 Qc7 20. Nh4 Rae8 21. Nf5 c4 22. Kh1 cxd3 23. cxd3 Rf7 24. h4 Ref8 25. Rf2 Nf6 26. Raf1 Kh8 27. Bf3 Ng8 28. h5 Bxf5 29. exf5 Nf6 30. g5 hxg5 31. Rh2 g4 32. h6 gxh6 33. Be4 h5 34. Rg1 Rh7 35. Rgg2 Qc1+ 36. Rg1 Qf4 37. Qe1 Nxe4 38. dxe4 Qf3+ 39. Rhg2 Rc8 40. Rf1 Qh3+ 41. Rh2 Qd3 42. f6 Kg8 43. Rhf2 Rc2 44. Rxc2 Qxc2 45. Rf5 Qd3 46. Rg5+ Kf7 47. Rxe5 Qf3+ 48. Kg1 Qe3+ 49. Qxe3 dxe3 50. Kf1 Kxf6 51. Rf5+ Ke6 52. Ke2 h4 53. Rg5 h3 0-1

[Event "JOR-ch sf"]
[Site "Amman"]
[Date "2009.03.28"]
[Round "5"]
[White "Alsane, Abdallah"]
[Black "Hajaj, Akram"]
[Result "0-1"]
[WhiteElo "2028"]
[BlackElo "1938"]
[PlyCount "104"]
[EventDate "2009.03.26"]
[EventType "swiss"]
[EventRounds "9"]
[EventCountry "JOR"]
[SourceTitle "EXT 2022"]
[Source "ChessBase"]
[SourceDate "2021.10.06"]
[SourceVersion "1"]
[SourceVersionDate "2021.10.06"]
[SourceQuality "1"]

1. c4 Nf6 2. g3 g6 3. Bg2 Bg7 4. Nc3 0-0 5. Nf3 c5 6. 0-0 Nc6 7. d3 d6 8. Bg5 h6 9. Be3 e6 10. Rc1 Ng4 11. Bf4 g5 12. Bd2 f5 13. e4 Nge5 14. Nxe5 Nxe5 15. Qc2 f4 16. f3 Bd7 17. Ne2 Ng6 18. Rb1 b6 19. Bc3 e5 20. Be1 h5 21. Nc3 g4 22. Nd5 h4 23. Qe2 Qg5 24. Bd2 gxf3 25. Bxf3 hxg3 26. Kh1 gxh2 27. Rf2 Kf7 28. Rg2 Qh4 29. Bh5 f3 30. Bxg6+ Kg8 31. Rxh2 fxe2 32. Rxh4 Rf1+ 33. Kg2 Rxb1 34. Kf2 e1Q+ 35. Bxe1 Rxb2+ 36. Ke3 Rxa2 37. Rh1 b5 38. Bh7+ Kf8 39. Rf1+ Ke8 40. Bg6+ Kd8 41. Rf7 Bh6+ 42. Kf3 Rh2 43. Bg3 Rh3 44. Rxd7+ Kxd7 45. Bf5+ Kc6 46. Bxh3 b4 47. Ke2 a5 48. Ne7+ Kb7 49. Be6 Re8 50. Bd5+ Kb6 51. Nc6 b3 52. Be1 b2 0-1

[Event "JOR-ch sf"]
[Site "Amman"]
[Date "2009.03.27"]
[Round "2"]
[White "Hajaj, Akram"]
[Black "Malkawi, Fadi"]
[Result "1/2-1/2"]
[WhiteElo "1938"]
[BlackElo "2105"]
[PlyCount "29"]
[EventDate "2009.03.26"]
[EventType "swiss"]
[EventRounds "9"]
[EventCountry "JOR"]
[SourceTitle "EXT 2022"]
[Source "ChessBase"]
[SourceDate "2021.10.06"]
[SourceVersion "1"]
[SourceVersionDate "2021.10.06"]
[SourceQuality "1"]

1. Nf3 Nc6 2. g3 d5 3. Bg2 Nf6 4. 0-0 e5 5. e3 Bf5 6. c4 d4 7. a3 a5 8. Qb3 Bd7 9. e4 a4 10. Qd1 Bd6 11. Nxe5 Nxe5 12. f4 0-0 13. fxe5 Bxe5 14. d3 c6 15. g4 1/2-1/2